01238cam a2200229 a 450000100100000000500170001000800410002704000230006808200170009111100540010824502050016226001370036730000280050465000410053261000630057365000570063671000810069371000650077491000340083995201200087399900150099300000287320200929150257.0890215s1987 ec a 011 0 spa  aDO-SdBNPcDLCdDLC a526.6bC719m2 aColoquio Ecuador 86d1986 :cQuito, Ecuador9912413aLa Misión Geodésica Francesa :bhomenaje en su 250 aniversario, discursos pronunciados en la inauguración y clausura del "Coloquio Ecuador 86" celebrado en Quito a partir del 7 de julio de 1986. aQuito :bComisión Nacional Permanente de Conmemoraciones Cívicas,bCasa de la Cultura Ecuatoriana "Benjamín Carrión",c1987. a242 p. :bil. ;c18 cm. 4aGeodésicazEcuadorxCongreso9912524aMISIÓN GEODÉSICA FRANCESAxCONGRESOS Y ASAMBLEAS99126 4aGeodésicaySIGLO XVIIIxCongresos y asamblea991271 aEcuador.bComisión Nacional Permanente de Conmemoraciones Cívicas.991282 aCasa de la Cultura Ecuatoriana "Benjamín Carrión."99129 aCatalogación por copia / LC 001052708MOaGRbGRcCTd2009-07-04iLF1l0o526.6 C719mp2873-10r2020-06-25w2020-06-25y2ZPréstamo interno c2707d2707